{"text_format":"3","workbook":"xlsx","n_sheets":1,"sheets":["t286"],"read":"whole","date_system":"1900"}

{"sheet":"t286","index":0,"n_rows":184,"n_cols":7,"rows_kept":184,"merged":[[0,0,0,6],[30,0,30,5],[48,0,48,5],[155,0,155,5]]}
["TABELA 286.1 - Estatísticas Agrícolas, Município de Jaú, Estado de São Paulo, 2007/08."]
["ITEM","UNIDADE","N.DE UPAs","MÍNIMO","MÉDIO","MÁXIMO","TOTAL"]
["Distância à sede do município","km",727,{"v":1,"d":"1.0"},{"v":11.26,"d":"11.3"},{"v":32,"d":"32.0"},"-"]
["Área total","hectare",727,0.9,{"v":81.11,"d":"81.1"},{"v":2027.2,"d":"2,027.2"},{"v":58963.76,"d":"58,963.8"}]
["Área com cultura perene","hectare",43,0.3,{"v":17.31,"d":"17.3"},{"v":84,"d":"84.0"},744.2]
["Área com cultura temporária","hectare",667,0.3,{"v":70.38,"d":"70.4"},{"v":1840.8,"d":"1,840.8"},{"v":46940.7,"d":"46,940.7"}]
["Área com pastagem","hectare",348,0.2,{"v":18.28,"d":"18.3"},321.5,{"v":6363.1,"d":"6,363.1"}]
["Área com reflorestamento","hectare",20,0.2,{"v":7.16,"d":"7.2"},{"v":67,"d":"67.0"},143.2]
["Área com vegetação natural","hectare",159,0.1,{"v":9.27,"d":"9.3"},212.9,{"v":1474.3,"d":"1,474.3"}]
["Área com vegetação de brejo e várzea","hectare","-","-","-","-",{"v":0,"d":"0.0"}]
["Área em descanso","hectare",37,0.1,{"v":9.81,"d":"9.8"},{"v":50,"d":"50.0"},{"v":363,"d":"363.0"}]
["Área complementar","hectare",620,0.1,{"v":4.73,"d":"4.7"},153.4,{"v":2935.26,"d":"2,935.3"}]
["Área das UPAs com (0, 1] ha","hectare",2,0.9,{"v":0.95,"d":"1.0"},{"v":1,"d":"1.0"},1.9]
["Área das UPAs com (1, 2] ha","hectare",3,1.5,1.7,{"v":2,"d":"2.0"},5.1]
["Área das UPAs com (2, 5] ha","hectare",43,2.1,{"v":3.69,"d":"3.7"},4.8,158.8]
["Área das UPAs com (5, 10] ha","hectare",87,5.2,{"v":7.76,"d":"7.8"},9.9,675.3]
["Área das UPAs com (10, 20] ha","hectare",149,10.5,{"v":14.98,"d":"15.0"},{"v":20,"d":"20.0"},{"v":2232.1,"d":"2,232.1"}]
["Área das UPAs com (20, 50] ha","hectare",191,20.1,{"v":31.37,"d":"31.4"},49.7,{"v":5991.1,"d":"5,991.1"}]
["Área das UPAs com (50, 100] ha","hectare",102,50.3,{"v":72.73,"d":"72.7"},99.2,{"v":7418.57,"d":"7,418.6"}]
["Área das UPAs com (100, 200] ha","hectare",74,100.4,{"v":137.21,"d":"137.2"},197.6,{"v":10153.89,"d":"10,153.9"}]
["Área das UPAs com (200, 500] ha","hectare",60,{"v":202,"d":"202.0"},{"v":317.67,"d":"317.7"},492.4,{"v":19060.2,"d":"19,060.2"}]
["Área das UPAs com (500, 1.000] ha","hectare",14,508.2,{"v":699.94,"d":"699.9"},904.5,{"v":9799.2,"d":"9,799.2"}]
["Área das UPAs com (1.000, 2.000] ha","hectare",1,{"v":1440.4,"d":"1,440.4"},{"v":1440.4,"d":"1,440.4"},{"v":1440.4,"d":"1,440.4"},{"v":1440.4,"d":"1,440.4"}]
["Área das UPAs com (2.000, 5.000] ha","hectare",1,{"v":2027.2,"d":"2,027.2"},{"v":2027.2,"d":"2,027.2"},{"v":2027.2,"d":"2,027.2"},{"v":2027.2,"d":"2,027.2"}]
["Área das UPAs com (5.000, 10.000] ha","hectare","-","-","-","-","-"]
["Área das UPAs acima de 10.000 ha","hectare","-","-","-","-","-"]
["Familiares do proprietário que trabalham na UPA","unidade",317,{"v":1,"d":"1.0"},{"v":1.75,"d":"1.8"},{"v":10,"d":"10.0"},{"v":555,"d":"555.0"}]
["Trabalhadores permanentes","unidade",263,{"v":1,"d":"1.0"},{"v":7.54,"d":"7.5"},{"v":726,"d":"726.0"},{"v":1983,"d":"1,983.0"}]
["Fonte: Secretaria de Agricultura e Abastecimento, CDRS/IEA, Projeto LUPA."]
[]
["TABELA 286.2 - Explorações Animais, Município de Jaú, Estado de São Paulo, 2007/08."]
["ITEM","UNIDADE","N.DE UPAs","MÍNIMO","MÉDIO","MÁXIMO","TOTAL"]
["Asininos E Muares","cabeças",57,{"v":1,"d":"1.0"},{"v":1.54,"d":"1.5"},{"v":5,"d":"5.0"},{"v":88,"d":"88.0"}]
["Avicultura de Corte","cabeças/ano",23,{"v":20,"d":"20.0"},{"v":8311.3,"d":"8,311.3"},{"v":48000,"d":"48,000.0"},{"v":191160,"d":"191,160.0"}]
["Avicultura Ornamental/Decorativa/Exótica","cabeças",1,{"v":30,"d":"30.0"},{"v":30,"d":"30.0"},{"v":30,"d":"30.0"},{"v":30,"d":"30.0"}]
["Avicultura para Ovos","cabeças",12,{"v":20,"d":"20.0"},{"v":1297.92,"d":"1,297.9"},{"v":15000,"d":"15,000.0"},{"v":15575,"d":"15,575.0"}]
["Bovinocultura de Corte","cabeças",45,{"v":2,"d":"2.0"},{"v":89.13,"d":"89.1"},{"v":671,"d":"671.0"},{"v":4011,"d":"4,011.0"}]
["Bovinocultura Leiteira","cabeças",61,{"v":2,"d":"2.0"},{"v":24.74,"d":"24.7"},{"v":126,"d":"126.0"},{"v":1509,"d":"1,509.0"}]
["Bovinocultura Mista","cabeças",105,{"v":2,"d":"2.0"},{"v":22.31,"d":"22.3"},{"v":147,"d":"147.0"},{"v":2343,"d":"2,343.0"}]
["Bubalinocultura","cabeças",1,{"v":75,"d":"75.0"},{"v":75,"d":"75.0"},{"v":75,"d":"75.0"},{"v":75,"d":"75.0"}]
["Caprinocultura","cabeças",3,{"v":10,"d":"10.0"},{"v":16,"d":"16.0"},{"v":28,"d":"28.0"},{"v":48,"d":"48.0"}]
["Equinocultura","cabeças",140,{"v":1,"d":"1.0"},{"v":7.56,"d":"7.6"},{"v":175,"d":"175.0"},{"v":1059,"d":"1,059.0"}]
["Outra Exploração Animal","cabeças",1,{"v":14,"d":"14.0"},{"v":14,"d":"14.0"},{"v":14,"d":"14.0"},{"v":14,"d":"14.0"}]
["Ovinocultura","cabeças",23,{"v":4,"d":"4.0"},{"v":36.78,"d":"36.8"},{"v":200,"d":"200.0"},{"v":846,"d":"846.0"}]
["Piscicultura","m² tanques",3,{"v":1000,"d":"1,000.0"},{"v":4000,"d":"4,000.0"},{"v":6000,"d":"6,000.0"},{"v":12000,"d":"12,000.0"}]
["Suinocultura","cabeças",30,{"v":1,"d":"1.0"},22.2,{"v":80,"d":"80.0"},{"v":666,"d":"666.0"}]
["Fonte: Secretaria de Agricultura e Abastecimento, CDRS/IEA, Projeto LUPA."]
[]
["TABELA 286.3 -  Máquinas, Implementos e Benfeitorias, Município de Jaú, Estado de São Paulo, 2007/08."]
["ITEM","UNIDADE","N.DE UPAs","MÍNIMO","MÉDIO","MÁXIMO","TOTAL"]
["Arado Comum (Bacia, Aiveca)","Unidade",11,{"v":1,"d":"1.0"},{"v":1.27,"d":"1.3"},{"v":2,"d":"2.0"},{"v":14,"d":"14.0"}]
["Arado Escarificador","Unidade",127,{"v":1,"d":"1.0"},{"v":1.43,"d":"1.4"},{"v":22,"d":"22.0"},{"v":182,"d":"182.0"}]
["Arado Subsolador","Unidade",92,{"v":1,"d":"1.0"},{"v":1.25,"d":"1.3"},{"v":19,"d":"19.0"},{"v":115,"d":"115.0"}]
["Batedeira de Cereais","Unidade",18,{"v":1,"d":"1.0"},{"v":1.11,"d":"1.1"},{"v":2,"d":"2.0"},{"v":20,"d":"20.0"}]
["Câmara Fria","Unidade",1,{"v":1,"d":"1.0"},{"v":1,"d":"1.0"},{"v":1,"d":"1.0"},{"v":1,"d":"1.0"}]
["Carregadeira de Cana","Unidade",59,{"v":1,"d":"1.0"},1.8,{"v":21,"d":"21.0"},{"v":106,"d":"106.0"}]
["Colhedeira Acoplada","Unidade",5,{"v":1,"d":"1.0"},{"v":1,"d":"1.0"},{"v":1,"d":"1.0"},{"v":5,"d":"5.0"}]
["Colhedeira Automotriz","Unidade",3,{"v":1,"d":"1.0"},{"v":2.67,"d":"2.7"},{"v":4,"d":"4.0"},{"v":8,"d":"8.0"}]
["Conj.Irrigação Convencional","Unidade",10,{"v":1,"d":"1.0"},1.3,{"v":3,"d":"3.0"},{"v":13,"d":"13.0"}]
["Conj.Irrigação Pivot Central","Unidade",2,{"v":1,"d":"1.0"},{"v":1,"d":"1.0"},{"v":1,"d":"1.0"},{"v":2,"d":"2.0"}]
["Conj.Irrigação/Gotejamento/Microaspersão","Unidade",3,{"v":1,"d":"1.0"},{"v":1.67,"d":"1.7"},{"v":2,"d":"2.0"},{"v":5,"d":"5.0"}]
["Conjunto de Fenação","Unidade",4,{"v":1,"d":"1.0"},{"v":1.25,"d":"1.3"},{"v":2,"d":"2.0"},{"v":5,"d":"5.0"}]
["Desintegrador, Picador, Triturador","Unidade",162,{"v":1,"d":"1.0"},{"v":1.15,"d":"1.2"},{"v":3,"d":"3.0"},{"v":186,"d":"186.0"}]
["Distribuidor de Calcário","Unidade",6,{"v":1,"d":"1.0"},{"v":1.17,"d":"1.2"},{"v":2,"d":"2.0"},{"v":7,"d":"7.0"}]
["Ensiladeira","Unidade",19,{"v":1,"d":"1.0"},{"v":1.11,"d":"1.1"},{"v":3,"d":"3.0"},{"v":21,"d":"21.0"}]
["Grade Aradora (Tipo Romi)","Unidade",7,{"v":1,"d":"1.0"},{"v":1.29,"d":"1.3"},{"v":2,"d":"2.0"},{"v":9,"d":"9.0"}]
["Grade Niveladora","Unidade",8,{"v":1,"d":"1.0"},{"v":1.75,"d":"1.8"},{"v":6,"d":"6.0"},{"v":14,"d":"14.0"}]
["Microtrator","Unidade",12,{"v":1,"d":"1.0"},{"v":1.17,"d":"1.2"},{"v":2,"d":"2.0"},{"v":14,"d":"14.0"}]
["Misturador de Ração","Unidade",16,{"v":1,"d":"1.0"},{"v":1.13,"d":"1.1"},{"v":3,"d":"3.0"},{"v":18,"d":"18.0"}]
["Ordenhadeira Mecânica","Unidade",6,{"v":1,"d":"1.0"},{"v":1,"d":"1.0"},{"v":1,"d":"1.0"},{"v":6,"d":"6.0"}]
["Pulverizador Tratorizado","Unidade",88,{"v":1,"d":"1.0"},{"v":1.39,"d":"1.4"},{"v":12,"d":"12.0"},{"v":122,"d":"122.0"}]
["Resfriador de Leite, Tanque Expansão","Unidade",7,{"v":1,"d":"1.0"},{"v":1,"d":"1.0"},{"v":1,"d":"1.0"},{"v":7,"d":"7.0"}]
["Semeadeira/Adubadeira para Plantio Convencional","Unidade",6,{"v":1,"d":"1.0"},{"v":1.33,"d":"1.3"},{"v":2,"d":"2.0"},{"v":8,"d":"8.0"}]
["Semeadeira/Plantadeira Plantio Direto","Unidade",48,{"v":1,"d":"1.0"},1.1,{"v":3,"d":"3.0"},{"v":53,"d":"53.0"}]
["Terraceador","Unidade",40,{"v":1,"d":"1.0"},{"v":1.48,"d":"1.5"},{"v":12,"d":"12.0"},{"v":59,"d":"59.0"}]
["Trator de Esteiras","Unidade",4,{"v":1,"d":"1.0"},{"v":4,"d":"4.0"},{"v":10,"d":"10.0"},{"v":16,"d":"16.0"}]
["Trator de Pneus","Unidade",188,{"v":1,"d":"1.0"},2.4,{"v":67,"d":"67.0"},{"v":452,"d":"452.0"}]
["Açude/Represa","Unidade",55,{"v":1,"d":"1.0"},{"v":2.38,"d":"2.4"},{"v":24,"d":"24.0"},{"v":131,"d":"131.0"}]
["Almoxarifado/Oficina","Unidade",37,{"v":1,"d":"1.0"},{"v":1.22,"d":"1.2"},{"v":5,"d":"5.0"},{"v":45,"d":"45.0"}]
["Armazém para Grãos Ensacados","Sacas",19,{"v":1,"d":"1.0"},{"v":1284.42,"d":"1,284.4"},{"v":6000,"d":"6,000.0"},{"v":24404,"d":"24,404.0"}]
["Balança para Bovinos","Unidade",5,{"v":1,"d":"1.0"},{"v":1,"d":"1.0"},{"v":1,"d":"1.0"},{"v":5,"d":"5.0"}]
["Balança para Veículos","Unidade",4,{"v":1,"d":"1.0"},1.5,{"v":3,"d":"3.0"},{"v":6,"d":"6.0"}]
["Barracão para Granja/Avicultura","Unidade",15,{"v":1,"d":"1.0"},1.4,{"v":3,"d":"3.0"},{"v":21,"d":"21.0"}]
["Barracão/Galpão/Garagem","Unidade",264,{"v":1,"d":"1.0"},{"v":1.52,"d":"1.5"},{"v":10,"d":"10.0"},{"v":400,"d":"400.0"}]
["Biodigestor","Unidade",1,{"v":1,"d":"1.0"},{"v":1,"d":"1.0"},{"v":1,"d":"1.0"},{"v":1,"d":"1.0"}]
["Casa de Moradia Habitada","Unidade",303,{"v":1,"d":"1.0"},{"v":2.91,"d":"2.9"},{"v":33,"d":"33.0"},{"v":882,"d":"882.0"}]
["Casa de Moradia Total","Unidade",382,{"v":1,"d":"1.0"},{"v":3.65,"d":"3.7"},{"v":40,"d":"40.0"},{"v":1395,"d":"1,395.0"}]
["Curral/Mangueira","Unidade",167,{"v":1,"d":"1.0"},{"v":1.05,"d":"1.1"},{"v":2,"d":"2.0"},{"v":175,"d":"175.0"}]
["Depósito/Tulha","Unidade",224,{"v":1,"d":"1.0"},1.2,{"v":10,"d":"10.0"},{"v":268,"d":"268.0"}]
["Engenho","Unidade",2,{"v":1,"d":"1.0"},{"v":1,"d":"1.0"},{"v":1,"d":"1.0"},{"v":2,"d":"2.0"}]
["Estábulo","Unidade",56,{"v":1,"d":"1.0"},{"v":1.18,"d":"1.2"},{"v":3,"d":"3.0"},{"v":66,"d":"66.0"}]
["Estufa/Plasticultura","m²",2,{"v":2,"d":"2.0"},{"v":101,"d":"101.0"},{"v":200,"d":"200.0"},{"v":202,"d":"202.0"}]
["Fábrica de Farinha","Unidade",1,{"v":1,"d":"1.0"},{"v":1,"d":"1.0"},{"v":1,"d":"1.0"},{"v":1,"d":"1.0"}]
["Fábrica de Ração","Unidade",6,{"v":1,"d":"1.0"},{"v":1,"d":"1.0"},{"v":1,"d":"1.0"},{"v":6,"d":"6.0"}]
["Instalações para Equinos","Unidade",39,{"v":1,"d":"1.0"},{"v":4.79,"d":"4.8"},{"v":80,"d":"80.0"},{"v":187,"d":"187.0"}]
["Máquina de Benefício","Unidade",26,{"v":1,"d":"1.0"},{"v":1.04,"d":"1.0"},{"v":2,"d":"2.0"},{"v":27,"d":"27.0"}]
["Pocilga","Unidade",46,{"v":1,"d":"1.0"},{"v":1.09,"d":"1.1"},{"v":3,"d":"3.0"},{"v":50,"d":"50.0"}]
["Poço Semi-Artesiano","Unidade",25,{"v":1,"d":"1.0"},{"v":1.08,"d":"1.1"},{"v":2,"d":"2.0"},{"v":27,"d":"27.0"}]
["Posto Meteorológico","Unidade",2,{"v":1,"d":"1.0"},{"v":1,"d":"1.0"},{"v":1,"d":"1.0"},{"v":2,"d":"2.0"}]
["Secador de Grãos","Unidade",9,{"v":1,"d":"1.0"},{"v":1.44,"d":"1.4"},{"v":3,"d":"3.0"},{"v":13,"d":"13.0"}]
["Silo para Grãos","t",3,{"v":30,"d":"30.0"},{"v":1143.33,"d":"1,143.3"},{"v":3000,"d":"3,000.0"},{"v":3430,"d":"3,430.0"}]
["Silo para Silagem","t",11,{"v":4,"d":"4.0"},{"v":415.55,"d":"415.6"},{"v":1500,"d":"1,500.0"},{"v":4571,"d":"4,571.0"}]
["Terreiro","m²",167,{"v":1,"d":"1.0"},{"v":1261.02,"d":"1,261.0"},{"v":10000,"d":"10,000.0"},{"v":210591,"d":"210,591.0"}]
["Usina de Açúcar/destilaria","Unidade",3,{"v":1,"d":"1.0"},{"v":1,"d":"1.0"},{"v":1,"d":"1.0"},{"v":3,"d":"3.0"}]
["Fonte: Secretaria de Agricultura e Abastecimento, CDRS/IEA, Projeto LUPA."]
[]
["TABELA 286.4 - Outras Estatísticas Agrícolas, Município de Jaú, Estado de São Paulo, 2007/08."]
["ITEM","Número de UPAs",null,"Percentual"]
["Faz Parte de Associação de Produtores",531,null,{"v":73.03988995873452,"d":"73.0"}]
["Faz Parte de Cooperativa de Produtores",442,null,{"v":60.79779917469051,"d":"60.8"}]
["Faz Parte do Sindicato de Produtores",484,null,{"v":66.57496561210453,"d":"66.6"}]
["Não utiliza assistência técnica ",133,null,{"v":18.29436038514443,"d":"18.3"}]
["Utiliza somente assistência técnica governamental ",114,null,{"v":15.680880330123797,"d":"15.7"}]
["Utiliza somente assistência técnica privada ",326,null,{"v":44.84181568088033,"d":"44.8"}]
["Utiliza assistência técnica tanto governamental quanto privada",154,null,{"v":21.182943603851445,"d":"21.2"}]
["Utiliza Crédito Rural",134,null,{"v":18.43191196698762,"d":"18.4"}]
["Utiliza Seguro Rural",1,null,{"v":0.1375515818431912,"d":"0.1"}]
["Utiliza Escrituração Agrícola",438,null,{"v":60.24759284731774,"d":"60.2"}]
["Acessa Internet p/ Fins na Agropecuária",15,null,{"v":2.063273727647868,"d":"2.1"}]
["Utiliza Computador nas Atividades Agropecuárias",177,null,{"v":24.346629986244842,"d":"24.3"}]
["Utiliza Energia Elétrica Para Uso na Atividade Agrícola",485,null,{"v":66.71251719394773,"d":"66.7"}]
["Realiza Análise de Solo, quando necessário",13,null,{"v":1.7881705639614855,"d":"1.8"}]
["Utiliza Práticas de Conservação de Solo, quando necessário",653,null,{"v":89.82118294360384,"d":"89.8"}]
["Faz Adubação Mineral, quando necessário",385,null,{"v":52.957359009628604,"d":"53.0"}]
["Faz Adubação Orgânica, quando necessário",229,null,{"v":31.49931224209078,"d":"31.5"}]
["Faz Adubação Verde, quando necessário",159,null,{"v":21.8707015130674,"d":"21.9"}]
["Utiliza Manejo Integrado de Pragas (MIP)","-",null,"-"]
["Utiliza Hidroponia","-",null,"-"]
["Utiliza Plasticultura",3,null,{"v":0.4126547455295736,"d":"0.4"}]
["Utiliza Mudas Fiscalizadas",52,null,{"v":7.152682255845942,"d":"7.2"}]
["Utiliza Semente Melhorada",129,null,{"v":17.744154057771663,"d":"17.7"}]
["Faz Confinamento de Bovinos","-",null,"-"]
["Utiliza Pastejo Intensivo",83,null,{"v":11.416781292984869,"d":"11.4"}]
["Faz Inseminação Artificial",11,null,{"v":1.5130674002751032,"d":"1.5"}]
["Faz Mineralização do Rebanho",183,null,{"v":25.17193947730399,"d":"25.2"}]
["Faz Vermifugação do Rebanho",196,null,{"v":26.960110041265473,"d":"27.0"}]
["Possui Parceiros /Arrendatários na Exploração Animal",161,null,{"v":22.14580467675378,"d":"22.1"}]
["Esporte e lazer","-",null,"-"]
["Extração mineral","-",null,"-"]
["Hotel Fazenda, Pousada ou SPA","-",null,"-"]
["Pesque-pague",1,null,{"v":0.1375515818431912,"d":"0.1"}]
["Restaurante ou Lanchonete","-",null,"-"]
["Transformação artesanal","-",null,"-"]
["Turismo rural ou ecoturismo",1,null,{"v":0.1375515818431912,"d":"0.1"}]
["Outras atividades econômicas rurais",1,null,{"v":0.1375515818431912,"d":"0.1"}]
["Agroindústria","-",null,"-"]
["Proprietário sem instrução ou com instrução incompleta",54,null,{"v":7.4277854195323245,"d":"7.4"}]
["Proprietário com antigo primário completo",205,null,{"v":28.198074277854193,"d":"28.2"}]
["Proprietário com 1° grau (ou antigo ginasial) completo",78,null,{"v":10.729023383768913,"d":"10.7"}]
["Proprietário com 2° grau (ou antigo colegial) completo",115,null,{"v":15.818431911966988,"d":"15.8"}]
["Proprietário com curso superior completo ",177,null,{"v":24.346629986244842,"d":"24.3"}]
["Pessoa Jurídica",98,null,{"v":13.480055020632738,"d":"13.5"}]
["Proprietário residente na própria UPA ",34,null,{"v":4.6767537826685,"d":"4.7"}]
["Fonte: Secretaria de Agricultura e Abastecimento, CDRS/IEA, Projeto LUPA."]
[]
["TABELA 286.5 - Área Cultivada, Município de Jaú, Estado de São Paulo, 2007/08."]
["CULTURA","N.DE UPAs","MÍNIMO","MÉDIO","MÁXIMO","TOTAL"]
["Cana-de-acucar",652,0.2,{"v":71.25,"d":"71.3"},{"v":1840.8,"d":"1,840.8"},{"v":46454.9,"d":"46,454.9"}]
["Braquiaria",187,0.2,{"v":20.01,"d":"20.0"},321.5,{"v":3742.7,"d":"3,742.7"}]
["Outras gramineas para pastagem",166,0.2,{"v":13.89,"d":"13.9"},{"v":239,"d":"239.0"},{"v":2305.6,"d":"2,305.6"}]
["Cafe",39,0.3,{"v":17.56,"d":"17.6"},{"v":84,"d":"84.0"},684.9]
["Coloniao",11,{"v":1,"d":"1.0"},{"v":21.92,"d":"21.9"},{"v":107,"d":"107.0"},241.1]
["Milho",34,0.1,{"v":6.99,"d":"7.0"},43.5,237.8]
["Eucalipto",20,0.2,{"v":7.16,"d":"7.2"},{"v":67,"d":"67.0"},143.2]
["Algodao",1,106.1,106.1,106.1,106.1]
["Arroz",39,0.1,{"v":2.24,"d":"2.2"},7.5,87.4]
["Capim-napier (ou capim-elefante)",5,0.5,{"v":14.74,"d":"14.7"},{"v":38,"d":"38.0"},73.7]
["Soja",2,7.2,28.4,49.6,56.8]
["Palmito",2,{"v":5,"d":"5.0"},{"v":9,"d":"9.0"},{"v":13,"d":"13.0"},{"v":18,"d":"18.0"}]
["Laranja",2,{"v":4,"d":"4.0"},{"v":8.05,"d":"8.1"},12.1,16.1]
["Outras culturas temporárias",1,{"v":16,"d":"16.0"},{"v":16,"d":"16.0"},{"v":16,"d":"16.0"},{"v":16,"d":"16.0"}]
["Banana",3,{"v":2,"d":"2.0"},{"v":4.03,"d":"4.0"},8.1,12.1]
["Macadamia (ou noz-macadamia)",3,1.5,{"v":3.23,"d":"3.2"},6.2,9.7]
["Goiaba",1,7.2,7.2,7.2,7.2]
["Outras olericolas",3,0.6,{"v":2,"d":"2.0"},{"v":3,"d":"3.0"},{"v":6,"d":"6.0"}]
["Feijao",2,{"v":1,"d":"1.0"},{"v":2.25,"d":"2.3"},3.5,4.5]
["Pessego",1,4.1,4.1,4.1,4.1]
["Abacate",1,{"v":4,"d":"4.0"},{"v":4,"d":"4.0"},{"v":4,"d":"4.0"},{"v":4,"d":"4.0"}]
["Cidra",1,3.9,3.9,3.9,3.9]
["Beterraba",1,3.5,3.5,3.5,3.5]
["Noz-peca  (ou peca)",1,2.2,2.2,2.2,2.2]
["Mandioca",1,2.2,2.2,2.2,2.2]
["Alface",1,2.2,2.2,2.2,2.2]
["Fonte: Secretaria de Agricultura e Abastecimento, CDRS/IEA, Projeto LUPA."]